Online
Catalog

Microempresas globalización y servicios financieros en la República Dominicana (1998-1999) / (Record no. 47400)

MARC details
000 -CABECERA
campo de control de longitud fija 01272nam a2200253 a 4500
001 - NÚMERO DE CONTROL
campo de control 000047912
005 - FECHA Y HORA DE LA ÚLTIMA TRANSACCIÓN
campo de control 20250701132842.0
008 - DATOS DE LONGITUD FIJA--INFORMACIÓN GENERAL
campo de control de longitud fija 090916s1999 dr a 000 0 spa d
040 ## - FUENTE DE LA CATALOGACIÓN
Centro catalogador/agencia de origen DO-SdBNP
Lengua de catalogación spa
Centro/agencia transcriptor BNPHU
082 ## - NÚMERO DE LA CLASIFICACIÓN DECIMAL DEWEY
Número de clasificación 338.6427293
Número de documento/Ítem O77m, 1999
100 1# - ENTRADA PRINCIPAL--NOMBRE DE PERSONA
Nombre de persona Ortíz, Marina
9 (RLIN) 10383
245 10 - MENCIÓN DE TÍTULO
Título Microempresas globalización y servicios financieros en la República Dominicana (1998-1999) /
Mención de responsabilidad, etc. Marina Ortíz , Jeffey Poyo.
260 ## - PUBLICACIÓN, DISTRIBUCIÓN, ETC.
Lugar de publicación, distribución, etc. Santo Domingo :
Nombre del editor, distribuidor, etc. Fondo para el Financiamiento de la Microempresa (FONDOMICRO),
Fecha de publicación, distribución, etc. 1999.
300 ## - DESCRIPCIÓN FÍSICA
Extensión 200 p. :
Otras características físicas il., gráf. ;
Dimensiones 30 cm.
500 ## - NOTA GENERAL
Nota general Incluye referencias bibliográficas y notas al pie de las páginas
505 0# - NOTA DE CONTENIDO CON FORMATO
Nota de contenido con formato Microempresas, globalización y servicios financieros en la República Dominicana 1998--1999 --
Título El enfoque comercial de las microfinanzas en la República Dominicana --
-- Anexo estadístico.
590 ## - NOTA LOCAL (RLIN)
Nota local Inventariado,2018/VM
610 14 - PUNTO DE ACCESO ADICIONAL DE MATERIA--NOMBRE DE ENTIDAD CORPORATIVA
Nombre de entidad corporativa o nombre de jurisdicción como elemento de entrada FONDO PARA EL DESARROLLO (REPÚBLICA DOMINICANA )
9 (RLIN) 75001
650 #4 - PUNTO DE ACCESO ADICIONAL DE MATERIA--TÉRMINO DE MATERIA
Término de materia o nombre geográfico como elemento de entrada Microempresa
Subdivisión geográfica República Dominicana
Subdivisión cronológica (1998-1999)
9 (RLIN) 75473
650 #0 - PUNTO DE ACCESO ADICIONAL DE MATERIA--TÉRMINO DE MATERIA
Término de materia o nombre geográfico como elemento de entrada Desarrollo económico
9 (RLIN) 85548
650 #4 - PUNTO DE ACCESO ADICIONAL DE MATERIA--TÉRMINO DE MATERIA
Término de materia o nombre geográfico como elemento de entrada Movimiento de capitales
Subdivisión geográfica República Dominicana
9 (RLIN) 12122
700 1# - PUNTO DE ACCESO ADICIONAL--NOMBRE DE PERSONA
Nombre de persona Poyo, Jeffey
9 (RLIN) 75474
710 1# - PUNTO DE ACCESO ADICIONAL--NOMBRE DE ENTIDAD CORPORATIVA
Nombre de entidad corporativa o nombre de jurisdicción como elemento de entrada Fondo para el Financiamiento de la Microempresa (FONDOMICRO)
9 (RLIN) 22500
Holdings
Estado de retiro Estado de pérdida No para préstamo Código de colección Localización permanente Ubicación/localización actual Ubicación en estantería Fecha de adquisición Número de inventario Total de préstamos Signatura topográfica completa Código de barras Fecha visto por última vez Precio válido a partir de Tipo de ítem Koha
    Excluido de préstamo Patrimonio Dominicano Patrimonio Dominicano Patrimonio Dominicano Depósito 03.10.2018 LF1   338.6427293 O77m, 1999 47912-10 25.06.2020 25.06.2020 Libro y Folleto Colección Patrimonio Dominicano

Powered by Koha